[Event "2018 Spring Chess Classic A"]
[Site "Saint Louis"]
[Date "2018.03.06"]
[Round "1"]
[White "Onischuk, Alexander"]
[Black "Ipatov, Alexander"]
[Result "1-0"]
[WhiteElo "2681"]
[BlackElo "2665"]
[Annotator "TA"]
[PlyCount "119"]
[EventDate "2018.??.??"]
[EventType "tourn"]
[EventCountry "USA"]
[SourceTitle "playchess.com"]
[Source "ChessBase"]
[SourceQuality "1"]

{[%evp 11,119,17,35,33,34,35,43,22,68,65,46,28,24,14,16,18,15,12,25,19,25,20,29,6,20,12,19,0,0,0,13,13,18,1,4,3,15,8,22,21,19,0,15,0,0,0,0,0,0,0,0,0,35,30,16,31,41,41,52,56,108,58,86,86,210,208,209,209,244,251,235,252,183,181,333,271,265,275,597,603,704,667,1256,1201,2173,2082,4638,4646,4037,3628,2593,3009,2888,2198,29971,29972,29974,29975,29974,29975,29979,29981,29981,29979,29979,29980,29982,29983,29983,29984]} 1. d4 g6 2. c4 Bg7 3. Nc3 e6 4. e4 Ne7 5. Nf3 d5 6. e5 {A40: Unusual replies to 1 d4} Nbc6 {LiveBook: 6 Games} 7. Be2 {[%cal Bf1e2,Be2d3,Bd3e4][%mdl 32]} h6 8. O-O {White is slightly better.} O-O 9. Re1 $146 ({Predecessor:} 9. Be3 Nf5 10. Qd2 dxc4 11. Bxc4 b6 12. Rfd1 {½-½ (52) Yilmaz,M (2557)-Malakhov,V (2717) Yerevan 2014}) 9... b6 10. cxd5 Nxd5 11. Nxd5 Qxd5 12. Bd3 Bb7 13. Be4 Qd7 14. Be3 Rab8 15. Qd2 Kh7 16. Rac1 Ne7 17. Qc2 Bxe4 18. Qxe4 Qd5 19. Qxd5 (19. Qc2 {is more complex.} Rfc8 20. b3 Qb7 21. b4 Nd5 22. Bd2) 19... Nxd5 20. Rc6 Rfd8 21. Rec1 a5 22. Kf1 Rd7 23. Ke2 Rb7 24. a3 a4 25. Ne1 Ne7 26. R6c2 Nf5 27. Nd3 h5 28. Rc4 b5 29. Rc6 {And now Nc5 would win.} Bf8 30. Nc5 Bxc5 $1 31. R1xc5 b4 32. Rc4 bxa3 33. bxa3 g5 34. Rxa4 Rb3 35. Kd2 Rb1 (35... Nxe3 $14 36. fxe3 Kg6) 36. Rac4 Ra1 37. Rxc7 Ra2+ (37... Rxc7 $16 {was worth a try.} 38. Rxc7 Nxe3) 38. Rc2 $1 $18 Rxc2+ 39. Rxc2 Nxd4 40. Bxd4 Rxd4+ {[%mdl 4096] Endgame [#] KR-KR} 41. Kc3 $1 {[%cal Rc3d4]} Rh4 42. h3 g4 $2 (42... Kg6 {was called for.} 43. Kb3 Kf5) 43. hxg4 Rxg4 44. f3 Rg8 $2 (44... Ra4 45. Kb3 Ra8) 45. a4 Kg6 46. a5 Kf5 47. Re2 h4 48. Kb4 Rb8+ 49. Kc5 Rc8+ 50. Kb6 Rb8+ 51. Kc7 Ra8 {[#]} 52. Ra2 $1 Kxe5 53. a6 {White mates.} Kf4 54. Kb7 Re8 55. a7 f5 56. a8=Q Rxa8 57. Kxa8 e5 58. Kb7 h3 59. gxh3 Kxf3 60. Kc6 {Precision: White = 72%, Black = 38%.} 1-0

[Event "2018 Spring Chess Classic A"]
[Site "Saint Louis"]
[Date "2018.03.06"]
[Round "1"]
[White "Shankland, Samuel"]
[Black "Bruzon Batista, Lazaro"]
[Result "1/2-1/2"]
[WhiteElo "2668"]
[BlackElo "2673"]
[Annotator "TA"]
[PlyCount "72"]
[EventDate "2018.??.??"]
[EventType "tourn"]
[EventCountry "USA"]
[SourceTitle "playchess.com"]
[Source "ChessBase"]
[SourceQuality "1"]

{[%evp 16,72,45,45,61,33,47,37,37,35,37,30,35,23,26,0,28,0,0,0,0,-15,-12,-43,0,-43,-6,-61,0,0,0,0,0,0,0,0,0,0,0,0,0,0,0,0,0,0,18,-47,-48,-52,-37,-28,-27,-34,0,0,14,7,14]} 1. e4 c5 2. Nf3 e6 3. d4 cxd4 4. Nxd4 Nc6 5. Nc3 Qc7 6. f4 Nxd4 7. Qxd4 a6 8. a4 {B47: Sicilian: Taimanov: 5 Nc3 Qc7 6 f4, 6 g3 and 6 Be2} b6 9. Be3 {LiveBook: 8 Games} Rb8 10. Be2 {White is slightly better.} Ne7 11. O-O $146 ({Predecessor:} 11. Qd2 Bb7 12. O-O Nc6 13. Rad1 Bc5 14. Na2 O-O 15. b4 Bxe3+ 16. Qxe3 {0-1 (41) Medvegy,Z (2430)-Horvath,A (2497) Hungary 2001}) 11... Nc6 12. Qc4 Bc5 13. Bxc5 Na5 14. Qd3 bxc5 15. e5 {Black must now prevent Ne4.} Bb7 16. Rad1 c4 17. Qg3 O-O 18. Bf3 Bxf3 19. Rxf3 Rxb2 20. Ne4 Kh8 21. Qe1 ({White should try} 21. Rc3 $11) 21... Rfb8 (21... Nc6 $15) 22. Ng5 $11 {aiming for Rh3.} Kg8 {[#] Strongly threatening ...h6.} 23. Nxh7 $1 {[%mdl 512]} Qb6+ (23... Kxh7 24. Rh3+) 24. Kh1 {Rh3 is the strong threat.} Rb1 (24... Rxc2 {[#]} 25. Nf6+ $1 {[%mdl 512]} gxf6 26. exf6 $18) 25. Ng5 Rxd1 26. Qxd1 Qb1 27. Rf1 $1 {[%csl LRb1,LRd7]} Qxd1 28. Rxd1 {[%mdl 4096] Endgame KRN-KRN} Kf8 29. h4 Ke7 30. Ne4 Rc8 31. Rd6 ({Better is} 31. g4 $11) 31... Nc6 $15 32. Rd1 f6 33. Nd6 Rb8 34. exf6+ gxf6 35. c3 Rh8 36. g3 Na5 {Precision: White = 53%, Black = 68%.} 1/2-1/2

[Event "2018 Spring Chess Classic A"]
[Site "Saint Louis"]
[Date "2018.03.06"]
[Round "1"]
[White "Akobian, Varuzhan"]
[Black "Swiercz, Dariusz"]
[Result "1/2-1/2"]
[WhiteElo "2640"]
[BlackElo "2654"]
[Annotator "TA"]
[PlyCount "83"]
[EventDate "2018.??.??"]
[EventType "tourn"]
[EventCountry "USA"]
[SourceTitle "playchess.com"]
[Source "ChessBase"]
[SourceQuality "1"]

{[%evp 9,83,20,18,0,0,0,0,0,-6,-6,0,0,0,-3,0,0,0,-16,-10,-27,-4,-27,0,0,0,0,0,0,0,0,0,0,0,0,-6,-4,-4,-5,0,0,0,0,0,0,2,1,9,7,12,0,0,0,0,0,0,0,0,0,0,0,0,0,0,-12,0,0,0,0,0,0,0,-8,0,0,0,0]} 1. d4 d5 2. c4 e6 3. Nc3 Nf6 4. Bg5 dxc4 5. e3 c5 {LiveBook: 11 Games} (5... a6 6. a4 h6 7. Bh4 b6 8. Bxc4 Bb7 9. Nf3 c5 10. O-O cxd4 11. exd4 Be7 12. Qe2 O-O 13. Rad1 Nc6 14. Rfe1 Nd5 15. Bxd5 Bxh4 16. Be4 Re8 17. d5 exd5 18. Rxd5 Qe7 19. Qd2 Qf6 20. Rd7 {1-0 (20) Ding,L (2749)-Lu,S (2595) Danzhou 2015}) 6. dxc5 {D50: Queen's Gambit Declined: Dutch-Peruvian Gambit} Qxd1+ 7. Rxd1 Bxc5 8. Bxc4 a6 9. Nf3 Nbd7 $146 ({Find the theoretical novelty and annotate with similar games:} 9... b5 10. Bd3 Nbd7 11. Ne4 Be7 12. Nxf6+ gxf6 13. Be4 Ra7 {½-½ (32) Gurevich,M (2620)-Crouch,C (2375) Eupen 1997}) 10. Nd2 b5 11. Be2 Bb7 12. O-O Be7 13. Bf3 Bxf3 14. Nxf3 Rc8 15. Rc1 h6 16. Bxf6 {The position is equal.} Nxf6 17. a4 bxa4 18. Nxa4 O-O 19. Ne5 Nd5 20. g3 Bf6 21. Nd3 {Hoping for e4.} a5 22. Rxc8 Rxc8 23. Rc1 Rb8 24. Kf1 Nb4 25. Ndc5 Be7 26. Ke2 g6 27. Nd7 Rb5 28. Rc7 Nd5 29. Ra7 Nf6 30. Ra8+ Kg7 31. Rb8 Rh5 32. Nxf6 Bxf6 $11 {[%mdl 4096] Endgame KRB-KRN} 33. h4 Rd5 34. Nc3 Rd7 35. Ne4 {[#] And now Rg8+! would win.} Be7 36. Rb3 a4 37. Rb5 a3 38. bxa3 Bxa3 39. Rb3 Be7 40. Rd3 Ra7 41. Kf3 h5 42. Ke2 {Precision: White = 76%, Black = 71%.} 1/2-1/2

[Event "2018 Spring Chess Classic A"]
[Site "Saint Louis"]
[Date "2018.03.06"]
[Round "1"]
[White "Zherebukh, Yaroslav"]
[Black "Xiong, Jeffery"]
[Result "0-1"]
[WhiteElo "2633"]
[BlackElo "2640"]
[Annotator "TA"]
[PlyCount "78"]
[EventDate "2018.??.??"]
[EventType "tourn"]
[EventCountry "USA"]

{[%evp 23,78,17,15,8,0,-25,30,0,12,-29,-22,-31,-1,-29,-12,-29,-22,-59,-52,-56,-41,-67,-79,-83,-66,-95,-89,-192,-193,-200,-201,-193,-185,-189,-190,-272,-202,-202,-202,-202,-202,-192,-193,-191,-185,-372,-374,-372,-374,-391,-392,-709,-691,-769,-736,-717,-628]} 1. e4 c5 2. Nf3 d6 3. d4 cxd4 4. Nxd4 Nf6 5. Nc3 a6 6. Be2 e5 7. Nb3 Be7 8. O-O O-O 9. Be3 Be6 10. a4 Nbd7 11. Qd2 Rc8 12. a5 Re8 13. Bf3 {B92: Sicilian Najdorf: 6 Be2} h6 {[%cal Bh7h6,Bh6g5,Bg5g4][%mdl 32]} (13... Rc4 14. Rfd1 Bf8 15. Qd3 Rb4 16. Qd2 Rc4 17. Qe1 Qc7 18. Be2 Rc6 19. f3 {1-0 (89) Nakamura,H (2792)-Nepomniachtchi,I (2751) Saint Louis 2017}) 14. Nc1 $146 ({Predecessor:} 14. h3 Qc7 15. Rfd1 b5 16. axb6 Nxb6 17. Na5 Nc4 18. Nxc4 Bxc4 19. Rdc1 Bf8 20. b3 Be6 {1-0 (45) Stewart,D-Adams,M ICCF corr 1994}) 14... Nh7 ({Black should play} 14... b6) 15. g3 {White has an edge.} Bg5 16. Nd3 Nb8 17. Bxg5 Qxg5 18. Qxg5 hxg5 19. Rfd1 Nc6 20. Ne2 g4 21. Bg2 Ng5 22. c3 Red8 23. Ne1 Kf8 24. Rd2 Ke7 25. Nc2 (25. Nc1 $17 {keeps fighting.}) 25... Nf3+ $19 26. Bxf3 gxf3 27. Nc1 d5 28. exd5 Bxd5 29. Kf1 (29. Ne3 $142 Be6 30. Rxd8 Rxd8 31. g4) 29... Be6 30. Rxd8 Rxd8 ({But not} 30... Nxd8 31. h4 $17) 31. Ke1 g5 {[%cal Bg7g5,Bg5g4,Bg4h3][%mdl 32]} 32. Ra4 g4 33. Ne3 f5 34. h4 $2 (34. Nf1) 34... gxh3 {[#] Hoping for ...Nd4!} 35. Rh4 Kf7 36. Nf1 Nxa5 37. b4 $2 (37. Rxh3 Kg6 38. Nd2) 37... Nc4 {Black is clearly winning.} 38. Rxh3 Kg6 39. Rh4 b6 {Precision: White = 34%, Black = 65%.} 0-1

[Event "2018 Spring Chess Classic A"]
[Site "Saint Louis"]
[Date "2018.03.06"]
[Round "1"]
[White "Edouard, Romain"]
[Black "Ganguly, Surya Shekhar"]
[Result "1/2-1/2"]
[WhiteElo "2612"]
[BlackElo "2657"]
[Annotator "TA"]
[PlyCount "67"]
[EventDate "2018.??.??"]
[EventType "tourn"]
[EventCountry "USA"]
[SourceTitle "playchess.com"]
[Source "ChessBase"]
[SourceQuality "1"]

{[%evp 14,67,-2,0,9,10,36,-45,-42,-62,-64,-56,-60,-64,-64,-59,-59,-57,-66,-61,-58,-42,-51,-68,-68,-64,-58,-71,-74,-83,-53,-54,-52,-52,0,0,0,-49,-14,-14,-14,-14,-14,-14,-14,-14,-14,-14,-14,-14,-14,-14,0,-14,0,-14]} 1. Nf3 Nf6 {[%cal Bg8f6,Bf6e4,Be4d2,Bd2b3,Bb3a1][%mdl 32]} 2. c4 g6 3. b3 Bg7 4. Bb2 c5 5. g3 d6 6. d4 Ne4 7. Nbd2 {A49: 1 d4 Nf6 2 Nf3 g6 3 g3: Anti-King's Indian systems} Qa5 8. Qc1 {LiveBook: 7 Games} Bg4 $146 {[#] White must now prevent ...Bh6.} ({Predecessor:} 8... Nxd2 9. Qxd2 Qxd2+ 10. Kxd2 Nc6 11. e3 Bg4 12. Bg2 O-O-O 13. Kc1 Nb4 14. Rd1 cxd4 15. Bxd4 Bxd4 16. Rxd4 {½-½ (46) Sjugirov,S (2650)-Amin,B (2689) Riadh 2017}) 9. Bg2 $1 Nc6 {[%cal Rc5d4]} 10. d5 (10. dxc5 $1 $14 Bh6 11. e3 (11. Bxh8 Bxf3 12. Bc3 Bxd2+ 13. Bxd2 Nxd2 $11) 11... Nxc5 12. O-O) 10... Bxf3 $1 $15 11. exf3 Nxd2 12. Bxg7 Nxb3+ $1 13. Qc3 Nxa1 14. dxc6 Qxc3+ 15. Bxc3 Nc2+ 16. Kd2 Nd4 17. cxb7 Rb8 18. Bxd4 cxd4 {[%mdl 4096] Endgame KRR-KRB} 19. f4 Kd7 20. Rb1 Kc7 21. Kd3 Rhd8 22. Rb3 e6 23. Ra3 $1 Kb6 (23... a6 $5 24. Rxa6 d5 25. cxd5 Kxb7 $15) 24. Rb3+ $1 ({Reject} 24. Kxd4 d5 $15) 24... Kc7 25. Ra3 $1 d5 (25... a6 {seems wilder.} 26. Rxa6 d5 27. cxd5 Kxb7 28. Ra3 exd5 29. Kxd4 Kc6) 26. cxd5 {The position is equal.} exd5 27. Rxa7 Rxb7 28. Rxb7+ Kxb7 29. Kxd4 $11 {KR-KB} Kc6 30. h4 f6 31. Bf3 Rd7 32. Bg2 Rd8 33. Bf3 Rd7 34. Bg2 {Precision: White = 87%, Black = 57%.} 1/2-1/2

[Event "2018 Spring Chess Classic A"]
[Site "Saint Louis"]
[Date "2018.03.07"]
[Round "2"]
[White "Bruzon Batista, Lazaro"]
[Black "Edouard, Romain"]
[Result "1/2-1/2"]
[WhiteElo "2673"]
[BlackElo "2612"]
[Annotator "TA"]
[PlyCount "100"]
[EventDate "2018.??.??"]
[EventType "tourn"]
[EventCountry "USA"]
[SourceTitle "playchess.com"]
[Source "ChessBase"]
[SourceQuality "1"]

{[%evp 26,100,51,41,49,44,49,57,64,64,64,64,64,63,58,62,56,0,0,0,0,0,0,0,0,0,0,0,0,0,0,0,0,-6,-1,-70,-56,-64,-66,-63,0,0,0,0,0,0,0,-19,0,-21,0,0,0,-12,0,-21,0,0,0,0,0,0,0,0,0,0,0,0,0,0,0,0,0,0,0,0,0]} 1. Nf3 c5 2. e4 g6 3. d4 cxd4 4. Nxd4 Nc6 5. c4 Bg7 6. Be3 Nf6 7. Nc3 Ng4 8. Qxg4 Nxd4 9. Qd1 e5 10. Bd3 O-O 11. O-O d6 12. Qd2 Be6 13. b3 {B39: Sicilian: Maroczy Bind with 5...Bg7 and 7...Ng4} (13. Rfd1 a6 14. b3 Rc8 15. f3 Qd7 16. Rac1 Rc6 17. Ne2 Rfc8 18. Nxd4 exd4 19. Bf2 Qc7 20. f4 b5 {0-1 (40) Vera Siguenas,D (2528)-Martinez Duany,L (2511) Santa Maria del Mar 2017}) 13... a6 14. Rad1 {LiveBook: 10 Games} Qd7 15. Kh1 $146 {White is slightly better.} ({Predecessor:} 15. f4 exf4 16. Bxf4 Be5 17. Bxe5 dxe5 18. Qg5 Qc7 19. Kh1 b5 20. Nd5 Bxd5 21. cxd5 {1-0 (48) Bellia,F (2424)-Royset,P (2215) Rethymno 2011}) 15... b5 16. Nd5 Bxd5 17. cxd5 f5 18. Bxd4 {[#] And now Bb6 would win.} fxe4 19. Bxe5 Bxe5 20. Bxe4 Qg4 21. Rde1 ({White should play} 21. Rfe1 $14) 21... Qh4 $1 $11 {[%csl Ge5][%cal Rh4h2]} 22. g3 Bxg3 $1 $40 {[%mdl 128] Black attacks.} 23. fxg3 Rxf1+ 24. Rxf1 Qxe4+ {[%mdl 4096] Endgame KQR-KQR} 25. Qg2 Qe7 26. Qd2 Qe4+ 27. Qg2 Qe7 28. Qd2 Re8 29. Kg1 Qe5 30. Rc1 {[#]} (30. Qd3 $11) 30... a5 $1 $15 {[%mdl 512]} 31. Qd3 (31. Qxa5 Qe3+) 31... b4 32. Rc2 Qe3+ (32... Rf8 $15) 33. Qxe3 $11 {The position is equal.} Rxe3 {KR-KR} 34. Kf2 Rd3 35. Ke2 Rxd5 36. Rc7 Re5+ 37. Kf3 h5 38. Rd7 Rd5 39. Ra7 g5 40. g4 hxg4+ 41. Kxg4 Kf8 42. Kf3 Ke8 43. Ke4 Re5+ 44. Kd4 Kd8 45. h3 Kc8 46. Kd3 Kb8 47. Rd7 Rd5+ 48. Kc4 Kc8 49. Ra7 Rc5+ 50. Kd4 Re5 {Precision: White = 63%, Black = 56%.} 1/2-1/2

[Event "2018 Spring Chess Classic A"]
[Site "Saint Louis"]
[Date "2018.03.07"]
[Round "2"]
[White "Ipatov, Alexander"]
[Black "Zherebukh, Yaroslav"]
[Result "1/2-1/2"]
[WhiteElo "2665"]
[BlackElo "2633"]
[Annotator "TA"]
[PlyCount "61"]
[EventDate "2018.??.??"]
[EventType "tourn"]
[EventCountry "USA"]
[SourceTitle "playchess.com"]
[Source "ChessBase"]
[SourceQuality "1"]

{[%evp 35,61,21,27,27,39,36,84,75,80,80,85,79,106,100,100,96,121,114,198,190,131,79,130,0,112,21,21,21]} 1. d4 d5 2. c4 e6 3. Nc3 Be7 4. Nf3 Nf6 5. Bg5 h6 6. Bh4 O-O 7. e3 Ne4 8. Bxe7 Qxe7 9. Rc1 c6 10. Bd3 Nxc3 11. Rxc3 Nd7 12. O-O dxc4 13. Bxc4 b6 14. Bd3 c5 15. Be4 {D56: Queen's Gambit Declined: Lasker Defence} Rb8 16. Qc2 (16. Qa4 Nf6 17. Bc6 cxd4 18. Nxd4 e5 19. Nf3 Rd8 20. h3 a6 21. Rfc1 b5 22. Qa5 Be6 23. Qxa6 {½-½ (44) Svidler,P (2751)-Caruana,F (2807) Saint Louis 2016}) 16... Bb7 17. Bxb7 Rxb7 18. Rc1 a5 {LiveBook: 3 Games} 19. a3 {[%cal Ba2a3,Ba3b4][%mdl 32]} Re8 20. h3 e5 {[#]} 21. dxc5 $146 ({Predecessor:} 21. dxe5 Nxe5 22. Nxe5 Qxe5 23. Rd1 g6 24. Rcd3 Re6 25. Qc3 Qxc3 26. Rxc3 Kf8 {½-½ (27) Vaganian,R (2590)-Tkachiev,V (2664) Almaty 2008}) 21... Nxc5 22. b4 axb4 23. axb4 Nd7 24. Rc7 Rxc7 25. Qxc7 Nf6 26. Qxb6 Nd5 {[#]} (26... e4 $16 {was necessary.}) 27. Qb5 $1 $18 {[%cal Rb5d5]} Nxb4 {[#]} 28. Rb1 (28. Rc7 $142 $1 {[%mdl 512]} Qxc7 29. Qxe8+ Kh7 30. Nxe5) 28... Nc2 ({Black should try} 28... e4) 29. Rc1 (29. Qc6 $16 Na3 30. Rb3) 29... Na3 (29... Nb4 $1 $11 {keeps the balance.}) 30. Qc5 (30. Qb6 $16) 30... Qxc5 $1 $11 31. Rxc5 {Precision: White = 48%, Black = 67%.} 1/2-1/2

[Event "2018 Spring Chess Classic A"]
[Site "Saint Louis"]
[Date "2018.03.07"]
[Round "2"]
[White "Ganguly, Surya Shekhar"]
[Black "Onischuk, Alexander"]
[Result "1/2-1/2"]
[WhiteElo "2657"]
[BlackElo "2681"]
[Annotator "TA"]
[PlyCount "119"]
[EventDate "2018.??.??"]
[EventType "tourn"]
[EventCountry "USA"]
[SourceTitle "playchess.com"]
[Source "ChessBase"]
[SourceQuality "1"]

{[%evp 19,119,22,25,20,30,22,27,10,35,21,33,22,25,12,18,0,0,0,0,0,0,-2,-6,-10,0,0,0,14,26,0,31,34,17,22,33,29,36,40,38,50,56,39,38,12,18,12,14,14,55,0,0,0,17,22,103,109,92,0,0,0,0,0,0,0,0,0,0,0,0,0,0,0,0,0,0,0,0,0,0,0,0,0,0,0,0,0,0,0,0,0,0,0,0,0,0,0,0,0,0,0,0,0]} 1. e4 e5 2. Nf3 Nc6 3. Bc4 Nf6 4. d3 Bc5 5. c3 d6 6. a4 {C54: Giuoco Piano: 4 c3 Nf6, main lines with 5 d4 and 5 d3} a6 7. O-O Ba7 (7... O-O 8. h3 h6 9. Re1 Re8 10. Nbd2 Be6 11. Bxe6 Rxe6 12. b4 Ba7 13. Qc2 Qd7 14. Nf1 d5 15. Ng3 Rd8 16. exd5 Qxd5 {½-½ (63) Carlsen,M (2834)-Kramnik,V (2787) Wijk aan Zee 2018}) 8. Re1 O-O 9. h3 Be6 10. Bxe6 fxe6 {LiveBook: 6 Games} 11. Be3 Bxe3 12. Rxe3 Qd7 13. a5 $146 ({Predecessor:} 13. b4 d5 14. Qb3 d4 15. cxd4 Nxd4 16. Nxd4 exd4 {½-½ (57) Savchenko,B (2602)-Aliyev,E (2150) Kesan 2017}) 13... Ne7 {[%cal Bc6e7,Be7g6,Bg6f4][%mdl 32]} 14. Nbd2 Ng6 15. Nc4 Rae8 16. b4 Qf7 17. Ra2 Nf4 18. Rd2 Qg6 {[%csl Gf4][%cal Rg6g2] [#]} 19. Ne1 Nd7 20. Rg3 Qf7 21. Ne3 Nf6 22. Kh2 Kh8 23. Ng4 h6 24. Re3 Qh5 25. Nxf6 Qxd1 26. Rxd1 gxf6 27. d4 Ng6 28. Nf3 Kg7 29. c4 Kf7 30. b5 Ra8 31. Rb3 axb5 32. Rxb5 {next dxe5 is good for White.} Ra7 33. Rdb1 Rb8 34. g3 (34. c5 $14) 34... Ne7 35. d5 exd5 (35... c6 {seems wilder.} 36. Rb6 exd5 37. cxd5 cxd5 38. Rxd6 dxe4 39. Nd2 Rxa5 40. Nxe4 f5) 36. cxd5 c6 (36... f5 $11) 37. dxc6 $16 Nxc6 {[#]} 38. a6 (38. Nh4 $1 $16) 38... Rxa6 $11 {The position is equal.} 39. Rxb7+ Rxb7 40. Rxb7+ {[%mdl 4096] Endgame KRN-KRN} Ne7 41. Nh4 Ke8 42. g4 Ra4 43. f3 Rd4 44. Rb8+ Kf7 $1 45. Rb7 Ke8 46. Rb8+ Kf7 $1 47. Rh8 Kg7 48. Rd8 (48. Ra8 {feels hotter.} d5 49. Ra7 Kf8 50. exd5 Rxd5 51. Ng2) 48... Kf7 49. Nf5 Nxf5 50. gxf5 {KR-KR} Ke7 51. Rh8 d5 52. Rh7+ Kd6 53. Rxh6 dxe4 {Threatens to win with ...e3.} 54. fxe4 Rxe4 55. Rxf6+ Kd5 56. Kg3 Rf4 57. Rf8 Ke4 58. f6 {f7 is the strong threat.} Kf5 59. f7 Ke6 60. Re8+ {Precision: White = 57%, Black = 64%.} 1/2-1/2

[Event "2018 Spring Chess Classic A"]
[Site "Saint Louis"]
[Date "2018.03.07"]
[Round "2"]
[White "Swiercz, Dariusz"]
[Black "Xiong, Jeffery"]
[Result "1/2-1/2"]
[WhiteElo "2654"]
[BlackElo "2640"]
[Annotator "TA"]
[PlyCount "68"]
[EventDate "2018.??.??"]
[EventType "tourn"]
[EventCountry "USA"]
[SourceTitle "playchess.com"]
[Source "ChessBase"]
[SourceQuality "1"]

{[%evp 18,68,0,0,33,28,30,25,26,17,31,35,23,26,29,30,20,22,24,8,24,30,43,51,57,58,53,31,16,4,27,4,23,18,31,22,12,13,18,0,6,4,30,37,44,42,37,35,39,11,19,10,10]} 1. d4 Nf6 2. c4 g6 3. Nf3 Bg7 4. g3 c6 5. Bg2 d5 6. Qb3 dxc4 7. Qxc4 O-O 8. O-O Bf5 {D78: Fianchetto Grünfeld: 6 0-0 c6} 9. Bf4 (9. Nc3 Nbd7 10. Re1 Nb6 11. Qb3 Be6 12. Qd1 Nfd5 13. Ne4 Qc8 14. Neg5 Rd8 15. e4 Nc7 16. Bf4 Nb5 17. d5 cxd5 18. Rc1 {½-½ (79) Yu,Y (2751)-Grischuk,A (2772) Huaian 2017}) 9... Nbd7 10. Qc1 {LiveBook: 6 Games} Rc8 11. Nc3 Qb6 12. h3 $146 ({Predecessor:} 12. Rd1 c5 13. d5 Ne4 14. Nh4 Nxc3 15. bxc3 {1-0 (26) Raetsky,A (2505)-Toth,B (2400) Biel 1995}) 12... Nd5 13. Bh6 Nxc3 14. bxc3 Be4 15. Bxg7 Kxg7 16. Ne5 Nxe5 17. Bxe4 Nc4 18. Bd3 Na5 19. Rb1 Qc7 20. c4 Rfe8 21. c5 e5 22. dxe5 Rxe5 23. Qc3 {[#] aiming for f4.} f6 24. Rb4 Rd8 25. Re4 b6 26. cxb6 axb6 27. Rxe5 Qxe5 28. Qb4 Qc7 29. Rb1 c5 30. Qxb6 Qxb6 31. Rxb6 {Hoping for Rb5.} c4 32. Bb1 Rd2 33. Rb5 Nc6 $1 34. Rc5 Ne7 {Precision: White = 71%, Black = 42%.} 1/2-1/2

[Event "2018 Spring Chess Classic A"]
[Site "Saint Louis"]
[Date "2018.03.07"]
[Round "2"]
[White "Akobian, Varuzhan"]
[Black "Shankland, Samuel"]
[Result "1/2-1/2"]
[WhiteElo "2640"]
[BlackElo "2668"]
[Annotator "TA"]
[PlyCount "68"]
[EventDate "2018.??.??"]
[EventType "tourn"]
[EventCountry "USA"]
[SourceTitle "playchess.com"]
[Source "ChessBase"]
[SourceQuality "1"]

{[%evp 9,68,18,43,49,54,56,68,23,29,27,41,4,8,1,18,17,33,28,47,37,63,65,58,64,58,22,15,22,15,0,0,0,20,8,17,17,17,17,17,17,22,16,29,29,33,22,29,13,14,0,4,4,4,0,0,0,0,0,0,0,0]} 1. d4 Nf6 2. c4 c5 3. d5 b5 4. cxb5 a6 5. bxa6 g6 6. Nc3 {A58: Benko/Volga Gambit: Lines with 5 bxa6} Bg7 (6... Bxa6 7. Nf3 Bg7 8. e4 Bxf1 9. Kxf1 d6 10. g3 O-O 11. Kg2 Na6 12. Qe2 Qb6 13. Rd1 Qb7 14. Rb1 Nd7 15. Bg5 Rfe8 16. a3 Nc7 17. Qc2 Nb6 18. a4 Rac8 19. b3 e6 20. dxe6 Nxe6 {1-0 (27) Jakovenko,D (2714)-Zvjaginsev,V (2673) Moscow 2016}) 7. e4 O-O 8. e5 {[#] aiming for a7.White is slightly better.} Ne8 9. Nf3 d6 10. exd6 Nxd6 11. Be2 Nxa6 12. O-O Bb7 13. Bf4 $146 ({Predecessor:} 13. Re1 Nc7 {0-1 (38) Narciso Dublan,M (2532)-Cuenca Jimenez,J (2526) Linares 2015}) 13... Nb4 14. Be5 Nf5 {[%cal Rb4d5]} 15. Bxg7 Kxg7 16. Bc4 Nd6 17. b3 e6 $1 18. dxe6 Nxc4 19. bxc4 {With the idea Qxd8.} Qf6 $1 {[%cal Rf6c3]} 20. Nd5 Nxd5 21. cxd5 {[#] Threatens to win with Rb1.} fxe6 22. dxe6 {And now Qd7+ would win.} Bxf3 23. Qxf3 Qxf3 24. gxf3 $11 {[%mdl 4096] Endgame KRR-KRR} Kf6 25. a4 Rfc8 26. Rfe1 Ke7 27. Re4 c4 {[%cal Bc5c4,Bc4c3,Bc3c2][%mdl 32]} 28. Kf1 c3 {The position is equal.} 29. Ke2 Ra5 30. Rc1 c2 31. h4 Rc6 32. Kd2 Rd5+ 33. Ke2 Ra5 34. Kd2 Rd5+ {Precision: White = 68%, Black = 77%.} 1/2-1/2